| 000 | 01323nam a22003617a 4500 | ||
|---|---|---|---|
| 003 | CHAP | ||
| 005 | 20220329135039.0 | ||
| 008 | 971013s1959 r 00010 d | ||
| 010 | _a30101 | ||
| 011 | _a31073 | ||
| 035 | _a35185 | ||
| 040 | _cCHAP | ||
| 082 |
_a573 _bL55 |
||
| 100 | 0 | 0 |
_aLinton, Ralph. _967009 |
| 245 | _aEstudio del hombre | ||
| 250 | _a4 ed. | ||
| 260 |
_aMéxico : _bFondo de Cultura Económica, _c1959 |
||
| 300 | _a483 p. | ||
| 500 | _a3 c. de 1965 idénticas | ||
| 590 |
_aBATCH-UPD _b10 _c20130110 _lUCH01 _h1614 |
||
| 590 |
_aBATCH-UPD _b10 _c20130410 _lUCH01 _h1009 |
||
| 590 |
_aCONVERSION _b10 _c20130109 _lUCH01 _h1317 |
||
| 650 | 1 | 4 |
_aAntropologia. _96133 |
| 901 | _aBK | ||
| 942 | _cLIBRO | ||
| 949 |
_a573 L55 _bBC _cLIBRO _d33724000241014 _eLIBRO _fc.7 _h29592 _i35185 _si _t24.00 |
||
| 949 |
_a573 L55 _bBC _cLIBRO _d33724000241147 _eLIBRO _fc.3 _h7944 _i35185 _si _t24.00 |
||
| 949 |
_a573 L55 _bBC _cLIBRO _d33724000241154 _eLIBRO _fc.5 _h64390 _i35185 _si _t24.00 |
||
| 949 |
_a573 L55 _bBC _cLIBRO _d33724000241162 _eLIBRO _fc.6 _h7945 _i35185 _si _t24.00 |
||
| 949 |
_a573 L55 _bBC _cLIBRO _d33724000241170 _eLIBRO _fc.4 _h26524 _i35185 _si _t24.00 |
||
| 949 |
_a573 L55 _bBC _cLIBRO _d33724000241188 _eLIBRO _h7942 _i35185 _si _t24.00 |
||
| 949 |
_a573 L55 _bBC _cLIBRO _d33724000241196 _eLIBRO _fc.2 _h7943 _i35185 _si _t24.00 |
||
| 999 |
_c30101 _d30101 |
||